Thin-section petrography of ceramic materials (Record no. 36800)
[ view plain ]
| 000 -LEADER | |
|---|---|
| fixed length control field | 01671nam a2200361 a 4500 |
| 082 04 - DEWEY DECIMAL CLASSIFICATION NUMBER | |
| Classification number | 552/.06 |
| 100 1# - MAIN ENTRY--AUTHOR NAME | |
| Personal name | Peterson, Sarah E., |
| 245 10 - TITLE STATEMENT | |
| Title | Thin-section petrography of ceramic materials |
| 260 ## - PUBLICATION, DISTRIBUTION, ETC. (IMPRINT) | |
| Place of publication | Philadelphia, Pa. : |
| Name of publisher | INSTAP Academic Press, |
| Year of publication | c2009. |
| 300 ## - PHYSICAL DESCRIPTION | |
| Number of Pages | 20 p. : |
| Other physical details | ill. |
| 490 1# - SERIES STATEMENT | |
| Series statement | INSTAP archaeological excavation manual ; |
| 505 0# - FORMATTED CONTENTS NOTE | |
| Formatted contents note | Goals for the thin-section petrography of ceramics -- History of thin-section petrography -- Preparation of thin sections -- Examination and analysis of thin sections -- Development of aims and sampling strategy. |
| 650 #0 - SUBJECT ADDED ENTRY--TOPICAL TERM | |
| Topical Term | Petrology in archaeology. |
| Topical Term | Ceramics |
| 700 1# - ADDED ENTRY--PERSONAL NAME | |
| Personal name | Betancourt, Philip P., |
| 856 40 - ELECTRONIC LOCATION AND ACCESS | |
| Uniform Resource Identifier | http://site.ebrary.com/lib/rucke/Doc?id=10733987 |
No items available.
